Hướng dẫn ôn thi đại học - cao đẳng môn lịch sử

Đã lưu trong:
Chi tiết về thư mục
Tác giả khác: Phan Ngọc Liên (ch.b.), Đặng Thanh Toán (b.s.), Nguyễn Ngọc Cơ (b.s.), Trần Bá Đệ (ch.b.), Nguễn Thị Côi (b.s.)
Định dạng: Sách
Ngôn ngữ:Vietnamese
Được phát hành: H. Đại học Sư phạm 2005
Phiên bản:Tái bản lần thứ 5, có sửa chữa
Những chủ đề:
Các nhãn: Thêm thẻ
Không có thẻ, Là người đầu tiên thẻ bản ghi này!
Thư viện lưu trữ: Mạng thư viện Đại học Đà Nẵng
LEADER 01533aam a22004098a 4500
001 000009982
003 6181
005 20120604080634.0
008 111107s2005 viesd
020 |c 31000đ  |d 2000b 
041 |a vie 
082 1 4 |2 14  |a 900.76  |b Hươ 
084 |b H000D 
084 |a P3z72 
245 |a Hướng dẫn ôn thi đại học - cao đẳng môn lịch sử  |c B.s.: Phan Ngọc Liên, Trần Bá Đệ (đồng ch.b.), Nguyễn Thị Côi.. 
250 |a Tái bản lần thứ 5, có sửa chữa 
260 |a H.  |b Đại học Sư phạm  |c 2005 
300 |a 335tr.  |c 21cm 
500 |a ĐTTS ghi: Hội Giáo dục Lịch sử. Khoa Lịch sử trường đại học Sư phạm Hà Nội 
650 7 |2 Bộ TK TVQG  |a Lịch sử 
650 7 |2 Bộ TK TVQG  |a Phổ thông trung học 
655 7 |2 Bộ TK TVQG  |a Sách luyện thi 
700 0 |a Phan Ngọc Liên  |e ch.b. 
700 0 |a Đặng Thanh Toán  |e b.s. 
700 0 |a Nguyễn Ngọc Cơ  |e b.s. 
700 0 |a Trần Bá Đệ  |e ch.b. 
700 0 |a Nguễn Thị Côi  |e b.s. 
OWN |a LSP 
AVA |a UDN50  |b LSP  |d 900.76 Hươ  |e available  |t Error 5001 Not defined in file expand_doc_bib_avail.  |f 10  |g 0  |h N  |i 0  |k 1 
999 |a From the UDN01 
AVA |a UDN50  |b LSP  |d 900.76 Hươ  |e available  |t Error 5001 Not defined in file expand_doc_bib_avail.  |f 10  |g 0  |h N  |i 0  |k 1 
TYP |a Monograph 
TYP |a Printed language 
980 |a Mạng thư viện Đại học Đà Nẵng